[Event "BL 9394 Bayern-Stadthagen"]
[Site "?"]
[Date "1994.??.??"]
[Round "?.4"]
[White "Schlosser, P."]
[Black "Knaak, R."]
[Result "1-0"]
[WhiteElo "2540"]
[BlackElo "2530"]
[PlyCount "89"]
[EventDate "1994.??.??"]

1. c4 e6 2. g3 d5 3. Bg2 c6 4. Qc2 f5 5. Nf3 Bd6 6. O-O Nf6 7. d3 O-O 8. Nc3
Qe8 9. e4 fxe4 10. dxe4 Qh5 11. Re1 Nbd7 12. exd5 exd5 13. cxd5 cxd5 14. Be3
Kh8 15. Rad1 Nb6 16. Nb5 Bb4 17. Bd2 Bf5 18. Qb3 Bc5 19. Be3 Bxe3 20. Rxe3 Ng4
21. Re7 Be4 22. Nbd4 Rac8 23. h3 Nf6 24. g4 Nxg4 25. hxg4 Qxg4 26. Qe3 h6 27.
Qe2 Rc6 28. Ne1 Qg5 29. f3 Rxf3 30. Rxe4 dxe4 31. Nexf3 exf3 32. Nxf3 Qg3 33.
Qe5 Qg4 34. Rd4 Qg6 35. Kh2 Rc8 36. Nh4 Qf7 37. Rf4 Qd7 38. Qh5 Rd8 39. Ng6+
Kg8 40. Ne5 Qd6 41. Qf7+ Kh8 42. Ng6+ Kh7 43. Be4 Nd7 44. Nf8+ Kh8 45. Nxd7 1-0

[Event "BL 9394 Bayern-Stadthagen"]
[Site "?"]
[Date "1994.??.??"]
[Round "?.5"]
[White "Lau, R."]
[Black "Boensch, U."]
[Result "1/2-1/2"]
[WhiteElo "2535"]
[BlackElo "2535"]
[PlyCount "107"]
[EventDate "1994.??.??"]

1. e4 c5 2. Nf3 d6 3. d4 cxd4 4. Nxd4 Nf6 5. Nc3 a6 6. Be2 e6 7. O-O Be7 8. f4
Qc7 9. Kh1 O-O 10. Bf3 Rd8 11. g4 d5 12. exd5 Nxd5 13. Nxd5 exd5 14. Be3 Bf6
15. c3 Nc6 16. Qd2 Bd7 17. Nb3 a5 18. a4 Rab8 19. Qf2 d4 20. cxd4 Be6 21. g5
Be7 22. Nc5 Bxc5 23. dxc5 Nb4 24. Bg2 Nd3 25. Qc2 Bd5 26. f5 Rd7 27. g6 Re8 28.
gxf7+ Kxf7 29. Bxd5+ Rxd5 30. Qg2 Qc6 31. Rf3 Rd7 32. Rg1 Kf8 33. h3 Ne5 34.
Rg3 Nd3 35. Qxc6 bxc6 36. Rxg7 Rxg7 37. Bh6 Kf7 38. Rxg7+ Kf6 39. Ra7 Kxf5 40.
Rxa5 Re1+ 41. Kg2 Re2+ 42. Kg3 Rxb2 43. Ra6 Rb3 44. Kg2 Rb2+ 45. Kf1 Nxc5 46.
Ra5 Kg6 47. Rxc5 Kxh6 48. Rxc6+ Kg5 49. Rc4 h5 50. h4+ Kf5 51. Ke1 Ke6 52. Kd1
Kd5 53. Rf4 Ke5 54. Rc4 1/2-1/2

[Event "BL 9394 Bayern-Stadthagen"]
[Site "?"]
[Date "1994.??.??"]
[Round "?.6"]
[White "Stangl, M."]
[Black "Tischbierek, R."]
[Result "1-0"]
[WhiteElo "2540"]
[BlackElo "2490"]
[PlyCount "89"]
[EventDate "1994.??.??"]

1. Nf3 d5 2. c4 c6 3. d4 Nf6 4. Nc3 a6 5. e3 b5 6. b3 Bg4 7. Be2 Nbd7 8. Ne5
Bxe2 9. Qxe2 Nxe5 10. dxe5 Nd7 11. cxd5 cxd5 12. Nxd5 e6 13. Nf4 Bb4+ 14. Bd2
Bxd2+ 15. Qxd2 Nxe5 16. Qc3 Qf6 17. Rc1 O-O 18. Ke2 Qf5 19. Rhd1 Ng6 20. Nxg6
hxg6 21. h3 Qh5+ 22. Kf1 Rfd8 23. Rd4 e5 24. Rd2 Qf5 25. Rcd1 Rxd2 26. Qxd2 Rc8
27. Rc1 Rxc1+ 28. Qxc1 Qd7 29. Ke2 Qd6 30. Qd2 Qc6 31. f3 f6 32. Qd3 Qc1 33.
Qd2 Qb1 34. Kf2 Kh7 35. Kg3 Kg8 36. Qa5 e4 37. Qxa6 Qe1+ 38. Kh2 exf3 39. Qa8+
Kh7 40. Qxf3 b4 41. Qg3 Qc3 42. Qh4+ Kg8 43. Qe4 f5 44. Qf4 Qe1 45. Qg3 1-0

[Event "BL 9394 Bayern-Stadthagen"]
[Site "?"]
[Date "1994.??.??"]
[Round "?.7"]
[White "Keitlinghaus, L."]
[Black "Gabriel, C."]
[Result "1/2-1/2"]
[WhiteElo "2510"]
[BlackElo "2530"]
[PlyCount "58"]
[EventDate "1994.??.??"]

1. e4 c5 2. Nf3 d6 3. Nc3 Nf6 4. g3 g6 5. Bg2 Bg7 6. d4 cxd4 7. Nxd4 O-O 8. O-O
Bg4 9. Nce2 Qc8 10. f3 Bd7 11. Be3 Rd8 12. Re1 e5 13. Nb3 Be6 14. Nc3 d5 15.
exd5 Nxd5 16. Nxd5 Bxd5 17. Qe2 Nd7 18. Rad1 Nb6 19. Nc5 Qc7 20. b3 Bc6 21. c4
Nd7 22. Nxd7 Rxd7 23. Rxd7 Qxd7 24. Rd1 Qe7 25. Qf2 a6 26. Bc5 Qe6 27. Qe3 Re8
28. Bb4 Qf5 29. Qd3 Qxd3 1/2-1/2

[Event "BL 9394 Bayern-Stadthagen"]
[Site "?"]
[Date "1994.??.??"]
[Round "?.8"]
[White "Bischoff, K."]
[Black "Heissler, J."]
[Result "1-0"]
[WhiteElo "2500"]
[BlackElo "2425"]
[PlyCount "91"]
[EventDate "1994.??.??"]

1. c4 Nf6 2. Nc3 g6 3. e4 d6 4. d4 Bg7 5. f3 O-O 6. Be3 Nc6 7. Nge2 a6 8. Qd2
Rb8 9. h4 h5 10. Nc1 e5 11. d5 Nd4 12. N1e2 c5 13. dxc6 bxc6 14. Nxd4 exd4 15.
Bxd4 Qa5 16. Qg5 Qd8 17. O-O-O Qe7 18. Rd2 Be6 19. c5 dxc5 20. Bxc5 Qb7 21.
Bxf8 Rxf8 22. Be2 Qb6 23. Rhd1 Kh7 24. Na4 Qb4 25. Rd4 Qb8 26. Kb1 Ne8 27. Nc5
Bxd4 28. Rxd4 Ng7 29. Qe7 Re8 30. Qd6 Qb6 31. Rd2 Qa5 32. b3 Qb6 33. Qd4 Qc7
34. Bxa6 Qg3 35. Qf2 Qc7 36. f4 Rd8 37. g3 Qa5 38. Rxd8 Qxd8 39. Qe3 Qd6 40.
Kb2 Ne8 41. Bd3 Nc7 42. Kc3 Bg4 43. Qd4 Qe7 44. Bc4 f6 45. a4 g5 46. f5 1-0

[Event "BL 9394 HSK-Bayern"]
[Site "?"]
[Date "1994.??.??"]
[Round "?.2"]
[White "Ftacnik, L."]
[Black "Yusupov, A."]
[Result "1/2-1/2"]
[WhiteElo "2565"]
[BlackElo "2665"]
[PlyCount "76"]
[EventDate "1994.??.??"]

1. d4 d5 2. c4 e6 3. Nc3 Nf6 4. Bg5 Be7 5. Nf3 h6 6. Bh4 O-O 7. e3 Ne4 8. Bxe7
Qxe7 9. Qc2 Nxc3 10. Qxc3 dxc4 11. Bxc4 b6 12. O-O Bb7 13. Be2 c5 14. dxc5 Rc8
15. b4 bxc5 16. Rac1 Nd7 17. bxc5 Rxc5 18. Qa3 Rac8 19. Rfd1 Kf8 20. Rxc5 Qxc5
21. Qb2 Nb6 22. Nd4 Bd5 23. Ba6 Rc7 24. a3 Qa5 25. Qb4+ Qxb4 26. axb4 e5 27.
Nb5 Rd7 28. Nc3 Bc6 29. Rxd7 Bxd7 30. Kf1 Bc6 31. f3 Ke7 32. Ke2 Nd5 33. Nxd5+
Bxd5 34. Bd3 Kd6 35. Kd2 f6 36. Kc3 Be6 37. h4 g5 38. hxg5 hxg5 1/2-1/2

[Event "BL 9394 HSK-Bayern"]
[Site "?"]
[Date "1994.??.??"]
[Round "?.4"]
[White "Maus, So"]
[Black "Schlosser, P."]
[Result "1-0"]
[WhiteElo "2420"]
[BlackElo "2540"]
[PlyCount "82"]
[EventDate "1994.??.??"]

1. e4 c5 2. Nc3 Nc6 3. g3 g6 4. Bg2 Bg7 5. d3 d6 6. Nge2 e6 7. O-O Nge7 8. a3
O-O 9. Rb1 Rb8 10. Be3 Nd4 11. Qd2 b6 12. Bh6 Bxh6 13. Qxh6 Nxc2 14. Rbc1 Nd4
15. Nxd4 cxd4 16. Nb5 e5 17. f4 f6 18. Bh3 Bxh3 19. Qxh3 f5 20. exf5 Rxf5 21.
Rc7 a6 22. Qh4 axb5 23. Rxe7 h5 24. Rb7 Qf8 25. Rxb8 Qxb8 26. Qe7 Qf8 27. Qe6+
Kh7 28. Qd7+ Kh6 29. Qxb5 exf4 30. Qxb6 fxg3 31. Rxf5 Qxf5 32. Qxd4 Qf3 33.
hxg3 Qxg3+ 34. Kf1 h4 35. Qh8+ Kg5 36. Qd8+ Kg4 37. Qd7+ Kf3 38. Qc6+ Ke3 39.
Qe4+ Kd2 40. Qe2+ Kc1 41. Qe1+ Kxb2 1-0

[Event "BL 9394 HSK-Bayern"]
[Site "?"]
[Date "1994.??.??"]
[Round "?.5"]
[White "Boensch, U."]
[Black "Michaelsen, N."]
[Result "1-0"]
[WhiteElo "2535"]
[BlackElo "2430"]
[PlyCount "124"]
[EventDate "1994.??.??"]

1. d4 Nf6 2. Nf3 g6 3. g3 Bg7 4. Bg2 d5 5. O-O O-O 6. c4 c6 7. cxd5 cxd5 8. Ne5
e6 9. Nc3 Nfd7 10. f4 Nc6 11. Be3 f6 12. Nd3 Nb6 13. Bf2 Bd7 14. Nc5 Rb8 15. e4
dxe4 16. Bxe4 f5 17. Bg2 Bc8 18. d5 exd5 19. Nxd5 Kh8 20. Re1 Nxd5 21. Bxd5 Nb4
22. Bb3 b6 23. Qxd8 Rxd8 24. Rad1 Rxd1 25. Rxd1 Ba6 26. Nxa6 Nxa6 27. Rd7 Nc5
28. Rxa7 Bxb2 29. Kf1 Rd8 30. Bxc5 bxc5 31. a4 Rd3 32. Bf7 Bd4 33. a5 Ra3 34.
a6 c4 35. Ra8+ Kg7 36. Bxc4 h6 37. Rd8 Be3 38. Rd7+ Kh8 39. Bd3 Kg8 40. h3 h5
41. Ke2 Bg1 42. Bc4+ Kh8 43. h4 Re3+ 44. Kf1 Rxg3 45. Rd3 Rxd3 46. Bxd3 Ba7 47.
Bb5 Kg7 48. Be8 Kf6 49. Ke2 Bb6 50. Kd3 Bf2 51. Kc4 Ke7 52. Bxg6 Kd6 53. Bxh5
Kc6 54. Bf3+ Kb6 55. Kd5 Bxh4 56. Be2 Bf2 57. Ke5 Kc7 58. Kxf5 Kd6 59. Kf6 Bd4+
60. Kf7 Kd7 61. Bc4 Kd6 62. f5 Kc5 1-0

[Event "BL 9394 HSK-Bayern"]
[Site "?"]
[Date "1994.??.??"]
[Round "?.6"]
[White "Reefschlaeger, H."]
[Black "Stangl, M."]
[Result "1/2-1/2"]
[WhiteElo "2385"]
[BlackElo "2540"]
[PlyCount "46"]
[EventDate "1994.??.??"]

1. e4 c5 2. f4 e6 3. Nf3 d5 4. Nc3 dxe4 5. Nxe4 Be7 6. b3 Nf6 7. Nf2 O-O 8. Bb2
b6 9. g3 Bb7 10. Bg2 Ne4 11. Nxe4 Bxe4 12. Qe2 Bb7 13. O-O Nc6 14. Ne5 Nd4 15.
Bxd4 Qxd4+ 16. Qe3 Bxg2 17. Kxg2 Rac8 18. c4 Rfd8 19. Qxd4 Rxd4 20. Rad1 Rcd8
21. Rf2 R4d6 22. Kf1 Bf6 23. Ke2 h5 1/2-1/2

[Event "BL 9394 HSK-Bayern"]
[Site "?"]
[Date "1994.??.??"]
[Round "?.7"]
[White "Gabriel, C."]
[Black "Mowsziszian, K."]
[Result "1-0"]
[WhiteElo "2530"]
[BlackElo "2490"]
[PlyCount "91"]
[EventDate "1994.??.??"]

1. d4 Nf6 2. c4 g6 3. Nc3 Bg7 4. e4 d6 5. h3 O-O 6. Bg5 c5 7. d5 h6 8. Be3 e6
9. Bd3 exd5 10. exd5 Na6 11. Qd2 Kh7 12. Nf3 Re8 13. O-O Nc7 14. Rfe1 a6 15. a4
b6 16. Rab1 b5 17. axb5 axb5 18. cxb5 Bb7 19. Bc4 Ne4 20. Nxe4 Rxe4 21. b3 Bc8
22. Qc2 Re8 23. b4 Bf5 24. Bd3 Nxb5 25. Bxf5 Na3 26. Qd2 gxf5 27. Rbc1 cxb4 28.
Qxb4 Re4 29. Qb7 Kg8 30. Nd2 Re7 31. Qb3 Qe8 32. Nf3 Qa4 33. Qd3 Qe4 34. Qd1
Qa4 35. Rc8+ Kh7 36. Rxa8 Qxa8 37. Qd3 Re4 38. Rc1 Qa4 39. Rc7 Kg6 40. Ra7 Rxe3
41. Qxe3 Qd1+ 42. Kh2 Nc4 43. Qe7 Qxd5 44. Nh4+ Kh7 45. Qxf7 Qxf7 46. Rxf7 1-0

[Event "BL 9394 Stadthagen-München 36"]
[Site "?"]
[Date "1994.??.??"]
[Round "?.1"]
[White "Hertneck, G."]
[Black "Karpov, An"]
[Result "0-1"]
[WhiteElo "2615"]
[BlackElo "2740"]
[PlyCount "122"]
[EventDate "1994.??.??"]

1. d4 Nf6 2. c4 e6 3. Nc3 Bb4 4. Qc2 O-O 5. Nf3 c5 6. dxc5 Na6 7. e3 Nxc5 8.
Bd2 b6 9. a3 Bxc3 10. Bxc3 Bb7 11. Be2 d6 12. b3 e5 13. O-O Rc8 14. Rfc1 Qe7
15. b4 Nce4 16. Be1 Rc7 17. Qb2 Qe6 18. a4 Ba6 19. b5 Bb7 20. a5 h6 21. Rd1
Rfc8 22. h3 Nd7 23. Nd2 Nec5 24. axb6 axb6 25. f3 e4 26. fxe4 Nxe4 27. Nxe4
Bxe4 28. Bg3 Qg6 29. Kh2 d5 30. Rac1 Nf6 31. Bf1 Rc5 32. cxd5 Nxd5 33. Rxc5
Rxc5 34. Qd4 Kh7 35. Rd2 h5 36. Rf2 f6 37. Be2 Nc3 38. Bf1 Nd5 39. Be2 f5 40.
Be5 Nc3 41. Bf1 Nxb5 42. Qb2 Nc7 43. Bxc7 Rxc7 44. g3 h4 45. Qe5 Rc1 46. Qf4
hxg3+ 47. Qxg3 Qxg3+ 48. Kxg3 g5 49. Ba6 Rg1+ 50. Kh2 Rb1 51. Bf1 Rb3 52. Bg2
Kg6 53. Bxe4 fxe4 54. Kg2 b5 55. Rc2 Kh5 56. Kf2 Kh4 57. Rc5 Rb2+ 58. Ke1 b4
59. Kd1 b3 60. Rb5 Kxh3 61. Rxg5 Rg2 0-1

[Event "BL 9394 Stadthagen-München 36"]
[Site "?"]
[Date "1994.??.??"]
[Round "?.2"]
[White "Khalifman, A."]
[Black "Atlas, V."]
[Result "1/2-1/2"]
[WhiteElo "2660"]
[BlackElo "2450"]
[PlyCount "26"]
[EventDate "1994.??.??"]

1. d4 Nf6 2. c4 e6 3. Nc3 Bb4 4. Qc2 c5 5. dxc5 Bxc5 6. Nf3 a6 7. Bf4 O-O 8. e4
d6 9. O-O-O Qe7 10. a3 Rd8 11. e5 dxe5 12. Rxd8+ Qxd8 13. Nxe5 Nbd7 1/2-1/2

[Event "BL 9394 Stadthagen-München 36"]
[Site "?"]
[Date "1994.??.??"]
[Round "?.4"]
[White "Knaak, R."]
[Black "Klundt, K."]
[Result "1-0"]
[WhiteElo "2530"]
[BlackElo "2380"]
[PlyCount "59"]
[EventDate "1994.??.??"]

1. d4 Nf6 2. c4 g6 3. Nc3 Bg7 4. e4 d6 5. Nf3 O-O 6. h3 c5 7. d5 e6 8. Bd3 exd5
9. cxd5 a6 10. a4 Nbd7 11. O-O Re8 12. Re1 Qc7 13. Bf1 Nb6 14. Bf4 Bd7 15. Bh2
Rad8 16. a5 Nc8 17. e5 dxe5 18. Nxe5 Nd6 19. Nc4 Rxe1 20. Qxe1 Bf8 21. Be5 Nfe8
22. Ne4 Bf5 23. Ncxd6 Bxd6 24. Bxd6 Nxd6 25. Nf6+ Kh8 26. Qe3 Kg7 27. Qe5 Kh6
28. Ra4 Nb5 29. Rh4+ Kg5 30. f4+ 1-0

[Event "BL 9394 Stadthagen-München 36"]
[Site "?"]
[Date "1994.??.??"]
[Round "?.5"]
[White "Pezerovic, E."]
[Black "Lau, R."]
[Result "1/2-1/2"]
[WhiteElo "2395"]
[BlackElo "2535"]
[PlyCount "43"]
[EventDate "1994.??.??"]

1. Nf3 d6 2. d4 Bg4 3. e4 Nf6 4. Nc3 e6 5. Be2 Be7 6. O-O O-O 7. Be3 c6 8. Nd2
Bxe2 9. Qxe2 d5 10. e5 Nfd7 11. Qg4 Kh8 12. Ne2 c5 13. c3 cxd4 14. cxd4 Nc6 15.
f4 g6 16. Nf3 Qb6 17. b3 Nb4 18. Bf2 Qa6 19. Ng3 Rac8 20. Ng5 h6 21. Nf3 Nc2
22. Rad1 1/2-1/2

[Event "BL 9394 Stadthagen-München 36"]
[Site "?"]
[Date "1994.??.??"]
[Round "?.6"]
[White "Tischbierek, R."]
[Black "Reich, T."]
[Result "1-0"]
[WhiteElo "2490"]
[BlackElo "2385"]
[PlyCount "133"]
[EventDate "1994.??.??"]

1. e4 c6 2. d3 g6 3. Nd2 Bg7 4. Ngf3 d5 5. g3 Bg4 6. Bg2 Nd7 7. h3 Bxf3 8. Nxf3
e6 9. O-O Ne7 10. Qe2 O-O 11. d4 Nf6 12. e5 Ne4 13. c3 c5 14. Rd1 cxd4 15. cxd4
Nc6 16. Be3 f6 17. Rac1 Qe8 18. exf6 Rxf6 19. Ne5 Nd6 20. Nxc6 bxc6 21. Qa6 Rc8
22. Qxa7 Nf5 23. Bf4 Rf7 24. Qc5 Rb7 25. b3 Rb5 26. Qc3 c5 27. Be5 Bxe5 28.
dxe5 Rbb8 29. Kh2 Qe7 30. Qd2 g5 31. Rc3 Rc7 32. Rdc1 Rbc8 33. Bf3 Nd4 34. Bg4
Qg7 35. b4 Qxe5 36. Rxc5 Rxc5 37. bxc5 Qf6 38. Rd1 e5 39. Rc1 Kh8 40. Kg2 Rf8
41. Rc3 e4 42. Re3 Nc6 43. Re2 Ne5 44. c6 Nxc6 45. Qxd5 Nd4 46. Rd2 e3 47. fxe3
Qf1+ 48. Kh2 Rf2+ 49. Rxf2 Qxf2+ 50. Qg2 Qxe3 51. a4 Kg7 52. a5 Kg6 53. a6 h5
54. Bd1 h4 55. gxh4 Qf4+ 56. Kh1 Qxh4 57. Bc2+ Nxc2 58. Qxc2+ Kg7 59. Qc7+ Kg6
60. Qc6+ Kg7 61. Qd7+ Kg6 62. Qe6+ Kg7 63. a7 Qa4 64. Qe3 Qd1+ 65. Kg2 Qd5+ 66.
Kg3 Kh7 67. Qe7+ 1-0

[Event "BL 9394 Stadthagen-München 36"]
[Site "?"]
[Date "1994.??.??"]
[Round "?.7"]
[White "Geisler, F."]
[Black "Keitlinghaus, L."]
[Result "1/2-1/2"]
[WhiteElo "2265"]
[BlackElo "2510"]
[PlyCount "63"]
[EventDate "1994.??.??"]

1. e4 e5 2. Nf3 Nc6 3. Bb5 Nf6 4. O-O Nxe4 5. d4 Be7 6. dxe5 d5 7. exd6 Nxd6 8.
Bxc6+ bxc6 9. Ne5 Bb7 10. Qg4 O-O 11. Nc3 Qc8 12. Qxc8 Rfxc8 13. Na4 Nf5 14.
Rd1 Rd8 15. Bf4 Rd4 16. Rxd4 Nxd4 17. Nd3 Nxc2 18. Rc1 Nd4 19. Re1 Ne6 20. Be3
Rd8 21. Ndc5 Nxc5 22. Nxc5 Bc8 23. h3 Kf8 24. Rc1 a5 25. Nb3 Rd5 26. Nd4 Bd6
27. Nxc6 Bd7 28. Nd4 a4 29. Ne2 Ke8 30. Nc3 Ra5 31. Bd4 f6 32. Ne4 1/2-1/2

[Event "BL 9394 Stadthagen-München 36"]
[Site "?"]
[Date "1994.??.??"]
[Round "?.8"]
[White "Heissler, J."]
[Black "Sandor, C."]
[Result "1/2-1/2"]
[WhiteElo "2425"]
[BlackElo "2340"]
[PlyCount "104"]
[EventDate "1994.??.??"]

1. e4 e5 2. Nf3 Nc6 3. Bb5 a6 4. Ba4 Nf6 5. d3 d6 6. c3 g6 7. Nbd2 Bg7 8. Nf1
O-O 9. Ng3 b5 10. Bb3 d5 11. Qe2 Be6 12. O-O h6 13. Re1 Kh7 14. h3 Re8 15. Be3
Qe7 16. Nh2 Rad8 17. h4 d4 18. cxd4 Nxd4 19. Bxd4 Rxd4 20. Nf3 Bg4 21. Qe3 Bxf3
22. Qxf3 Red8 23. Red1 h5 24. Rac1 R4d6 25. Nf1 a5 26. a3 c6 27. Nh2 R8d7 28.
Qe2 Bh6 29. Rc3 Qd8 30. Nf3 Ng4 31. g3 Kg7 32. Kg2 b4 33. axb4 axb4 34. Rc5
Rxd3 35. Rxd3 Rxd3 36. Bc4 Rd6 37. Bb3 Qf6 38. Rc2 Rd7 39. Nh2 Nxh2 40. Kxh2
Rd4 41. Kg2 Kh7 42. Bc4 Bf8 43. b3 Kg7 44. Rd2 Bc5 45. Rxd4 Bxd4 46. Qf3 Qe7
47. Qe2 Qa7 48. Qf3 f6 49. Qe2 Qa1 50. Be6 Qb1 51. Bc4 Kf8 52. g4 Qc1 1/2-1/2

[Event "Bundesliga 9495"]
[Site "Deutschland"]
[Date "1994.??.??"]
[Round "?.2"]
[White "Jussupow, Artur"]
[Black "Ftacnik, Lubomir"]
[Result "1/2-1/2"]
[WhiteElo "2655"]
[BlackElo "2570"]
[PlyCount "79"]
[EventDate "1994.10.??"]
[EventType "team"]
[EventRounds "15"]
[EventCountry "GER"]
[SourceTitle "Bundesliga 9495"]
[Source "DeepChess"]
[SourceDate "2005.01.01"]
[SourceVersion "1"]
[SourceVersionDate "2005.01.01"]
[SourceQuality "1"]
[WhiteTeam "FC Bayern Muenchen e.V."]
[BlackTeam "Hamburger SK 1830 e.V."]
[WhiteTeamCountry "GER"]
[BlackTeamCountry "GER"]

1. d4 Nf6 2. Nf3 g6 3. Bg5 Bg7 4. Nbd2 d5 5. e3 O-O 6. c3 Nbd7 7. Be2 Re8 8.
O-O c6 9. a4 a5 10. h3 e5 11. dxe5 Nxe5 12. Nxe5 Rxe5 13. Nf3 Re8 14. Qb3 h6
15. Bxf6 Bxf6 16. Rad1 Qc7 17. Nd4 Be6 18. Nxe6 Rxe6 19. Rd2 Rd8 20. Rfd1 Ree8
21. Bf1 h5 22. c4 dxc4 23. Bxc4 Rxd2 24. Rxd2 Kg7 25. Qd1 Rd8 26. g3 Rxd2 27.
Qxd2 Qe5 28. Qd7 Qe7 29. Qxe7 Bxe7 30. f4 f5 31. Kf2 Kf6 32. Kf3 Bc5 33. Bd3
Ba7 34. b3 Bc5 35. Be2 Ba7 36. e4 fxe4+ 37. Kxe4 Bf2 38. g4 hxg4 39. hxg4 g5
40. f5 1/2-1/2

[Event "Bundesliga 9495"]
[Site "Deutschland"]
[Date "1994.??.??"]
[Round "?.3"]
[White "Movsziszian, Karen"]
[Black "Kindermann, Stefan"]
[Result "0-1"]
[WhiteElo "2525"]
[BlackElo "2560"]
[PlyCount "78"]
[EventDate "1994.10.??"]
[EventType "team"]
[EventRounds "15"]
[EventCountry "GER"]
[SourceTitle "Bundesliga 9495"]
[Source "DeepChess"]
[SourceDate "2005.01.01"]
[SourceVersion "1"]
[SourceVersionDate "2005.01.01"]
[SourceQuality "1"]
[WhiteTeam "Hamburger SK 1830 e.V."]
[BlackTeam "FC Bayern Muenchen e.V."]
[WhiteTeamCountry "GER"]
[BlackTeamCountry "GER"]

1. Nf3 Nf6 2. g3 d5 3. Bg2 c6 4. d3 Bg4 5. b3 Nbd7 6. Bb2 e6 7. O-O Bd6 8. Nbd2
O-O 9. e4 e5 10. h3 Bh5 11. g4 Bg6 12. Nh4 Re8 13. Nf5 Bf8 14. Qe2 Nc5 15. Rae1
dxe4 16. dxe4 Qc7 17. Nf3 Nfd7 18. Rd1 Ne6 19. h4 f6 20. Bc1 Rad8 21. c3 a6 22.
Kh1 Nf4 23. Bxf4 exf4 24. Qc2 Bf7 25. g5 g6 26. Nh6+ Bxh6 27. gxh6 Ne5 28. Nxe5
fxe5 29. Qe2 Be6 30. h5 Qe7 31. Rxd8 Rxd8 32. Rd1 Rxd1+ 33. Qxd1 Qd7 34. Qxd7
Bxd7 35. Bf3 g5 36. Be2 b5 37. c4 g4 38. cxb5 cxb5 39. b4 Kf7 0-1

[Event "Bundesliga 9495"]
[Site "Deutschland"]
[Date "1994.??.??"]
[Round "?.5"]
[White "Loeffler, Stefan"]
[Black "Stangl, Markus"]
[Result "1/2-1/2"]
[WhiteElo "2420"]
[BlackElo "2535"]
[PlyCount "145"]
[EventDate "1994.10.??"]
[EventType "team"]
[EventRounds "15"]
[EventCountry "GER"]
[SourceTitle "Bundesliga 9495"]
[Source "DeepChess"]
[SourceDate "2005.01.01"]
[SourceVersion "1"]
[SourceVersionDate "2005.01.01"]
[SourceQuality "1"]
[WhiteTeam "Hamburger SK 1830 e.V."]
[BlackTeam "FC Bayern Muenchen e.V."]
[WhiteTeamCountry "GER"]
[BlackTeamCountry "GER"]

1. d4 d5 2. c4 e6 3. Nc3 c6 4. e3 f5 5. g4 Nf6 6. gxf5 exf5 7. Nh3 Nbd7 8. Nf4
Nb6 9. c5 Nc4 10. Bxc4 dxc4 11. Qe2 b5 12. cxb6 axb6 13. Qxc4 Qd7 14. Bd2 Bd6
15. d5 Bb7 16. dxc6 Qxc6 17. Qe6+ Kf8 18. Rg1 Bxf4 19. Qxc6 Bxc6 20. exf4 Kf7
21. Ne2 Rhe8 22. Rc1 Bb5 23. Be3 Re7 24. Nd4 Bd7 25. a3 Nd5 26. Kd2 Ra4 27. Nf3
h6 28. Bd4 Kf8 29. Rce1 Rf7 30. b3 Rxd4+ 31. Nxd4 Nxf4 32. h4 Rf6 33. Ke3 Nd5+
34. Kf3 Rd6 35. Rd1 Kf7 36. Ne2 Bc6 37. Kg3 g5 38. hxg5 hxg5 39. f4 Rg6 40. Kf2
Nf6 41. fxg5 Ne4+ 42. Ke3 Nxg5 43. Nf4 Rg8 44. Rd6 Re8+ 45. Kd3 Bb5+ 46. Kc2
Nf3 47. Rgg6 Re4 48. Rgf6+ Kg7 49. Nh5+ Kg8 50. Rxf5 Re2+ 51. Kc3 Re3+ 52. Kb4
Bd3 53. Rd8+ Kh7 54. Rf7+ Kh6 55. Rh8+ Kg5 56. Nf4 Bc2 57. Nh3+ Kg6 58. Rff8
Rxb3+ 59. Kc4 Rxa3 60. Nf4+ Kg5 61. Rhg8+ Kh4 62. Rg2 Bh7 63. Rf6 Ne5+ 64. Kb5
Ng4 65. Rf8 Ra5+ 66. Kxb6 Rf5 67. Rh8 Rxf4 68. Rxh7+ Kg5 69. Rg7+ Kf5 70. Kc5
Nf6 71. R2g5+ Ke6 72. R5g6 Rf1 73. Rh6 1/2-1/2

[Event "Bundesliga 9495"]
[Site "Deutschland"]
[Date "1994.??.??"]
[Round "?.6"]
[White "Bischoff, Klaus"]
[Black "Maus, Soenke"]
[Result "1-0"]
[WhiteElo "2525"]
[BlackElo "2430"]
[PlyCount "77"]
[EventDate "1994.10.??"]
[EventType "team"]
[EventRounds "15"]
[EventCountry "GER"]
[SourceTitle "Bundesliga 9495"]
[Source "DeepChess"]
[SourceDate "2005.01.01"]
[SourceVersion "1"]
[SourceVersionDate "2005.01.01"]
[SourceQuality "1"]
[WhiteTeam "FC Bayern Muenchen e.V."]
[BlackTeam "Hamburger SK 1830 e.V."]
[WhiteTeamCountry "GER"]
[BlackTeamCountry "GER"]

1. c4 e5 2. Nc3 Nc6 3. g3 g6 4. Bg2 Bg7 5. e4 Nge7 6. Nge2 d6 7. d3 O-O 8. O-O
f5 9. Rb1 h6 10. b4 f4 11. b5 f3 12. bxc6 fxg2 13. Kxg2 bxc6 14. Be3 g5 15. f3
Ng6 16. Ng1 Kh7 17. Qa4 Qd7 18. Bd2 Rg8 19. Kh1 Nf8 20. Nd1 Ne6 21. Ne3 Bf8 22.
Nf5 Nc5 23. Qa3 a5 24. Be3 Ne6 25. Qa4 Ng7 26. g4 Nxf5 27. gxf5 Qe8 28. Ne2 Bg7
29. Rg1 Bd7 30. Qc2 Qh5 31. Rg4 Rgb8 32. Rbg1 Rb7 33. Nc3 Rab8 34. Bc1 Bf6 35.
Qg2 Be8 36. Rg3 Kg7 37. h4 Kf8 38. Rh3 g4 39. fxg4 1-0

[Event "Bundesliga 9495"]
[Site "Deutschland"]
[Date "1994.??.??"]
[Round "?.7"]
[White "Reefschlaeger, Helmut"]
[Black "Schlosser, Philipp"]
[Result "1/2-1/2"]
[WhiteElo "2370"]
[BlackElo "2510"]
[PlyCount "84"]
[EventDate "1994.10.??"]
[EventType "team"]
[EventRounds "15"]
[EventCountry "GER"]
[SourceTitle "Bundesliga 9495"]
[Source "DeepChess"]
[SourceDate "2005.01.01"]
[SourceVersion "1"]
[SourceVersionDate "2005.01.01"]
[SourceQuality "1"]
[WhiteTeam "Hamburger SK 1830 e.V."]
[BlackTeam "FC Bayern Muenchen e.V."]
[WhiteTeamCountry "GER"]
[BlackTeamCountry "GER"]

1. e4 c5 2. f4 g6 3. Nf3 Bg7 4. d3 Nc6 5. g3 d5 6. Qe2 Nf6 7. e5 Nd7 8. Bg2 e6
9. O-O b5 10. a4 b4 11. c4 bxc3 12. bxc3 O-O 13. c4 Ba6 14. Nc3 Nb6 15. Nb5 Na5
16. Be3 dxc4 17. dxc4 Qe7 18. Nd2 Rad8 19. Rfb1 f5 20. Nb3 Nxb3 21. Rxb3 Rf7
22. a5 Nc8 23. Rd1 Bf8 24. Rbd3 Rxd3 25. Qxd3 Qe8 26. Qd8 Bxb5 27. cxb5 Qxb5
28. Bf1 Qc6 29. Bg2 Qb5 30. Bf2 Ne7 31. Bf1 Qb3 32. Rd3 Qa2 33. Rd6 Nd5 34.
Rxe6 Nxf4 35. Re8 Ne6 36. Qc8 Ng7 37. Rd8 Ne6 38. Rd6 Ng5 39. Rd8 Nf3+ 40. Kg2
Ne1+ 41. Kg1 Nf3+ 42. Kg2 Ne1+ 1/2-1/2

[Event "Bundesliga 9495"]
[Site "Deutschland"]
[Date "1995.??.??"]
[Round "?.2"]
[White "Jussupow, Artur"]
[Black "Stohl, Igor"]
[Result "1-0"]
[WhiteElo "2660"]
[BlackElo "2530"]
[PlyCount "67"]
[EventDate "1994.10.??"]
[EventType "team"]
[EventRounds "15"]
[EventCountry "GER"]
[SourceTitle "Bundesliga 9495"]
[Source "DeepChess"]
[SourceDate "2005.01.01"]
[SourceVersion "1"]
[SourceVersionDate "2005.01.01"]
[SourceQuality "1"]
[WhiteTeam "FC Bayern Muenchen e.V."]
[BlackTeam "Muenchener SC 1836 e.V."]
[WhiteTeamCountry "GER"]
[BlackTeamCountry "GER"]

1. d4 Nf6 2. c4 g6 3. Nc3 d5 4. Bf4 Bg7 5. Rc1 Nh5 6. Bg5 h6 7. Bh4 dxc4 8. e3
Be6 9. Be2 c5 10. Bxh5 cxd4 11. exd4 gxh5 12. Nge2 Bg4 13. h3 Bxe2 14. Qxe2 Nc6
15. O-O Qxd4 16. Qxh5 O-O 17. Rfe1 Qd6 18. Nd5 Qg6 19. Qf3 Kh8 20. Nxe7 Nxe7
21. Bxe7 Rfc8 22. Re4 b5 23. Rce1 Re8 24. R1e2 f5 25. Re6 Qf7 26. g4 Rab8 27.
gxf5 Rg8 28. Kf1 Rb6 29. Rxb6 axb6 30. Re6 b4 31. Bxb4 Rd8 32. Bc3 Bxc3 33.
Rxh6+ Kg7 34. Rg6+ 1-0

[Event "Bundesliga 9495"]
[Site "Deutschland"]
[Date "1995.??.??"]
[Round "?.3"]
[White "Tischbierek, Raj"]
[Black "Ribli, Zoltan"]
[Result "1/2-1/2"]
[WhiteElo "2520"]
[BlackElo "2600"]
[PlyCount "34"]
[EventDate "1994.10.??"]
[EventType "team"]
[EventRounds "15"]
[EventCountry "GER"]
[SourceTitle "Bundesliga 9495"]
[Source "DeepChess"]
[SourceDate "2005.01.01"]
[SourceVersion "1"]
[SourceVersionDate "2005.01.01"]
[SourceQuality "1"]
[WhiteTeam "Muenchener SC 1836 e.V."]
[BlackTeam "FC Bayern Muenchen e.V."]
[WhiteTeamCountry "GER"]
[BlackTeamCountry "GER"]

1. a3 g6 2. d4 Bg7 3. Nf3 Nf6 4. Bg5 O-O 5. Nbd2 d6 6. e3 b6 7. Be2 Bb7 8. O-O
c5 9. c3 Nbd7 10. Re1 h6 11. Bh4 Qc7 12. h3 Rac8 13. Bg3 Ne4 14. Nxe4 Bxe4 15.
Nd2 Bb7 16. a4 a6 17. Bd3 Qb8 1/2-1/2